| 000 | 00452nam a2200181Ia 4500 | ||
|---|---|---|---|
| 001 | 15958 | ||
| 005 | 20260306170234.0 | ||
| 008 | 260306t2018||||xx |||||||||||||| ||und|| | ||
| 041 | _aESP | ||
| 082 |
_a620.86 _bC265 |
||
| 100 |
_aContreras Malavé, Soledad, _eAUT |
||
| 245 | 0 |
_aGuía para la aplicación de ISO 45001: _b2018 |
|
| 260 | _c2018 | ||
| 300 |
_a315 páginas : _c24 cm. |
||
| 650 | _aGEN | ||
| 654 | _aCII | ||
| 942 |
_cLIB _dJUS _fJUS _2ddc _n |
||
| 999 |
_c15958 _d15958 |
||